000 00292nam a22001337a 4500
008 170810b xxu||||| |||| 00| 0 eng d
020 _a9780125863551
041 _aeng
080 _a004
100 _a35
101 _aSHKI
245 _aTHE EUDORA USER'S GUIDE
_cREISS, L
942 _2udc
_cBK
999 _c23134
_d23134